Sleepwalking - Bring Me the Horizon - Statistics

General Stats
  • This quiz has been taken 38 times
  • The average score is 183 of 247
Answer Stats
Answer % Correct
I
100%
I'm
100%
it
100%
it)
100%
it's
100%
It's
100%
(It's
100%
sleepwalking
100%
sleepwalking)
100%
a
92%
like
92%
you
92%
Your
92%
another
85%
heart
85%
me
85%
My
85%
my
85%
and
77%
did
77%
eyes
77%
hole
77%
of
77%
still
77%
stood
77%
the
77%
Time
77%
way
77%
again
69%
are
69%
before
69%
from
69%
go
69%
secrets
69%
Shadows
69%
sing
69%
(Sing
69%
swallowing
69%
to
69%
whisper
69%
burning
62%
catch
62%
disappear?
62%
do
62%
Do
62%
edge
62%
Edge
62%
fever
62%
find
62%
Help
62%
into
62%
Mirrors
62%
simply
62%
start
62%
up
62%
world
62%
at
54%
bones
54%
Fell
54%
here?
54%
or
54%
Or
54%
skin's
54%
smothering
54%
through
54%
Where
54%
deep
46%
give
46%
hard
46%
out
46%
reason
46%
Should
46%
sink
46%
stands
46%
swim?
46%
Take
46%
this
46%
Wake
46%
When
46%
hand
38%
breathe
31%
cuts
31%
Pull
31%
No matching quizzes found
Score Distribution
Percent of People with Each Score
Percentile by Number Answered
Your Score History
You have not taken this quiz